Прогнозирование научно-технического прогресса (Запись № 7072846)

Подробности
000 -МАРКЕР
контрольное поле 01915nam1a22002531i 4500
001 - ИДЕНТИФИКАТОР ЗАПИСИ
контрольное поле rc\2333572
005 - ИДЕНТИФИКАТОР ВЕРСИИ
контрольное поле 20260407192431.0
035 ## - ДРУГИЕ СИСТЕМНЫЕ НОМЕРА
Идентификатор записи (NLR Aleph) 006583737
100 ## - ДАННЫЕ ОБЩЕЙ ОБРАБОТКИ
Данные общей обработки 20110829d1977 |||y0rusy50 ca
101 0# - ЯЗЫК РЕСУРСА
Язык текста, звукозаписи и т.д. русский
102 ## - СТРАНА ПУБЛИКАЦИИ ИЛИ ПРОИЗВОДСТВА
Страна публикации Российская Федерация
105 ## - ПОЛЕ КОДИРОВАННЫХ ДАННЫХ: ТЕКСТОВЫЕ МАТЕРИАЛЫ, МОНОГРАФИЧЕСКИЕ
Кодированные данные о монографическом текстовом документе z |||||
200 1# - ЗАГЛАВИЕ И СВЕДЕНИЯ ОБ ОТВЕТСТВЕННОСТИ
Основное заглавие Прогнозирование научно-технического прогресса
Сведения, относящиеся к заглавию (Тезисы докл. 2 Всесоюз. науч. школы, Баку, 28.11.77-4.12.1977 г.)
Первые сведения об ответственности [Ред. коллегия: Саркисян С.А. (пред.)] [и др.]. Ч. 1-
Последующие сведения об ответственности Гос. ком. Совета Министров СССР по науке и технике. Науч. Совет по проблеме "Орг. и экономика науч.-техн. исслед. и разраб.". Всесоюз. Совет науч.-техн. о-в. Комис. по прогнозированию развития больших систем. Ком. по прикл. методам математики и вычислит. техники. Моск. авиац. ин-т. Азерб. респ. совет науч.-техн. о-в. Ком. по прогностике. Ин-т кибернетики АН АзССР. Белорус. НИИ НТИ и техн.-экон. исслед. Госплана БССР
210 ## - ПУБЛИКАЦИЯ, РАСПРОСТРАНЕНИЕ И ДР.
Место издания, распространения и т.д. Москва
Имя издателя, распространителя и т. д. Б. и.
Дата издания, распространения и т.д. 1977
215 ## - ФИЗИЧЕСКАЯ ХАРАКТЕРИСТИКА
Размеры 20
702 #1 - ИМЯ ЛИЦА - ВТОРИЧНАЯ ОТВЕТСТВЕННОСТЬ
Начальный элемент ввода Саркисян
Часть имени, кроме начального элемента ввода С.А.
Расширение инициалов личного имени Сергей Арамович
Код отношения Редактор
712 01 - НАИМЕНОВАНИЕ ОРГАНИЗАЦИИ - ВТОРИЧНАЯ ОТВЕТСТВЕННОСТЬ
Начальный элемент ввода СССР
Структурное подразделение Комитет по науке и технике
-- Научный совет по проблеме "Организация и экономика научно-технических исследований и разработок"
Идентификатор авторитетной/нормативной записи RU\NLR\AUTH\8810125860
Системный номер авторитетной/нормативной записи 749113
801 #0 - ИСТОЧНИК ЗАПИСИ
Страна Российская Федерация
Организация NLR
Правила каталогизации psbo
801 #1 - ИСТОЧНИК ЗАПИСИ
Страна Российская Федерация
Организация ELAR
Источник данных rusmarc
852 ## - МЕСТОНАХОЖДЕНИЕ И ШИФР ХРАНЕНИЯ
Идентификатор организации NLR
Шифр хранения (Call Number) 78-3/941
899 ## - ДАННЫЕ О МЕСТОНАХОЖДЕНИИ (устаревшее)
Местонахождение RuMoRGB
Шифр хранения Б 77-38/271
899 ## - ДАННЫЕ О МЕСТОНАХОЖДЕНИИ (устаревшее)
Местонахождение RuMoRGB
Шифр хранения Б 77-38/273
942 ## - ДОПОЛНИТЕЛЬНЫЕ ЭЛЕМЕНТЫ ЗАПИСИ (АБИС)
Тип экземпляра АБИС Книга

Нет доступных экземпляров.